| 000 | 00883nam a2200241 i 4500 | ||
|---|---|---|---|
| 001 | 184455 | ||
| 003 | ES-MaACL | ||
| 005 | 20251115063321.0 | ||
| 008 | 150902s1922 sp |||| | spa d | ||
| 080 | _a821.134.2-23"19" | ||
| 100 | 1 |
_aMuñoz Seca, Pedro, _d1881-1936 _984499 |
|
| 245 | 1 | 3 |
_aLa cartera del muerto _b: comedia dramática en tres actos / _coriginal de Pedro Muñoz Seca. |
| 260 |
_aMadrid : _bPrensa Popular, _c[1922] |
||
| 300 |
_a[32] p. ; _c20 cm. |
||
| 490 | 1 |
_aLa novela teatral, Año VII ; _v278 - Madrid, 19 marzo 1922 |
|
| 597 | _aP. sin numerar. | ||
| 599 | _aEn cub.: caricatura de Federico Gil Asensio, por Tovar. | ||
| 700 | 0 |
_aTovar _c, ilustrador. _9157378 |
|
| 830 | 0 |
_aLa novela teatral, Año VII ; _v278 - Madrid, 19 marzo 1922 _9192156 |
|
| 852 |
_aES-MaACL _j2332-F-4 |
||
| 852 |
_aES-MaACL _j2332-F-5 |
||
| 999 |
_c184455 _d184455 |
||